000 00598nam a2200217Ia 4500
005 20250425160735.0
008 250425s9999 xx 000 0 und d
020 _a047198701
041 _aeng
082 _a621.3819584
100 _aBLAKESLEE, THOMAS R.
245 0 _aDIGITAL DESIGN WITH STANDARD MSI AND LSI : DESIGN TECHNIQUES OR THE MICROCOMPUTER AGE
250 _a2ND ED.
260 _aEstados Unidos
_bJohn Wiley & Sons
_c1979
260 _aNEW YORK
300 _a384
650 _aCIRCUITOS INTEGRADOS DIGITALES
650 _aCIRCUITOS LOGICOS
942 _c01
010 _a4063
999 _c195235
_d195235